000 00195nam a2200085Ia 4500
008 120527s9999 xx 000 0 und d
100 _aCole Don
245 _aAnnual editions economics
942 _cBK
999 _c26935
_d26935